01265nam a2200265Ia 450000100060000000300090000600800410001504000130005604000130006904100130008210000160009510000290011124000240014024000350016424500240019924500240022325000110024726000110025826000180026926000490028730000430033650005740037965000150095365000310096815502IT-RoPAU130308s9999 xx 000 0 und d aIT-RoPAU cIT-RoPAU aITALIANO aPiaget Jean gCodice Aut. SPICS: 2626 aSTRUCTURALISME (LE) gCodice Tit. Orig. Spics: 15426 aStrutturalismo (Lo) bStrutturalismo (Lo) a3a ed. aMILANO bIl Saggiatore c1971 [1° Ed.:1968 - Ed.Ling.Originale:1968] a"178 p. (prefazione: no ; testo: 178)" aTraduzione e Intyroduzione di Andrea Bonomi strutture Matematiche e logiche nozione di gruppo Limiti Vicarianti della formalizzazione strutture fisiche e biologiche strutture Organiche strutture psicologiche Strutturalismo in Psicologia Teoria della Gestalt strutture e Genesi dell'Intelligenza strutture e Funzioni Strutturalismo Linguistico Strutturalismo Sincronico e Trasformazionale Ontogenesi Filogenesi Innatismo utilizzazione delle strutture Negli Studi Sociali Strutturalismo Antropologico di Levi Strauss Strutturalismo e Filosofia Strutturalismo e Dialettica aSEMIOLOGIA eCodice materia Spics: 3251